Inter Milan : 11 du XXIème siècle - Statistiques

Statistiques générales
  • Ce quiz a été pris 347 fois
  • Le résultat moyen est 11 sur 16
Statistiques - réponses
Poste Nationalité Années au club Réponse % Correct
Buteur Argentin 2018- Lautaro Martinez
94%
Buteur Camerounais 2009-2011 Samuel Eto'o
94%
Gardien Slovène 2012-2022 Samir Handanovic
85%
Entraîneur Portugais 2008-2010 José Mourinho
83%
Défenseur Central Italien 2017- Alessandro Bastoni
79%
Défenseur Gauche Italien 2018- Federico Dimarco
78%
Milieu Central Argentin 1995-2014 Javier Zanetti
75%
Milieu Central Néérlandais 2009-2013 Wesley Sneijder
72%
Remplaçant (Gardien) Brésilien 2005-2012 Julio César
67%
Défenseur Droit Brésilien 2006-2012 Maicon
65%
Milieu Central Italien 2020 Nicolo Barella
65%
Remplaçant (Attaquant) Argentin 2009-2014 Diego Milito
63%
Buteur Argentin 2013-2020 Mauro Icardi
60%
Défenseur Central Brésilien 2009-2012 Lucio
55%
Remplaçant (Milieu) Argentin 2004-2014 Esteban Cambiasso
41%
Remplaçant (Défenseur) Argentin 2005-2014 Walter Samuel
31%
Aucun quiz correspondant
Distribution des résultats
% des personnes avec chaque résultat
Percentile par nombre de réponses
Votre historique - résultats
Vous n’avez pas pris ce quiz